| 000 | 01313nam a22003255a 4500 | ||
|---|---|---|---|
| 001 | 195836 | ||
| 003 | ES-MaREB | ||
| 005 | 20250309063128.0 | ||
| 008 | 240721s2004 espa c 000 0 spa d | ||
| 017 | _aAS 1708-2004 | ||
| 035 | _aES-MaREB00645067-3 | ||
| 040 |
_aBP-ZA _bspa _cES-MaACL |
||
| 080 | _a73 Velasco, Javier (064) | ||
| 100 |
_aVelasco Galera, Javier _9237578 |
||
| 245 | 1 | 0 |
_aDe sacra-mente _b: [exposición] : del 16 de abril al 23 de mayo, 2004, Museo Barjola, Gijón / _cJavier Velasco ; texto, Juan-Ramón Barbancho ; traducción, Juan Manuel Diez Piña. |
| 260 |
_aOviedo : _bServicio de Publicaciones del Principado de Asturias, _cD.L. 2004. |
||
| 300 |
_a58 p., [1] h. : _bprincipalmente lám. col. ; _c23 cm. |
||
| 336 |
_2rdacontent _atexto |
||
| 337 |
_2rdamedia _asin mediación |
||
| 338 |
_2rdacarrier _avolumen |
||
| 500 | _aTexto en español e inglés. | ||
| 504 | _aBibliografía: p. 58. | ||
| 600 | 0 |
_aVelasco Galera, Javier _9237578 |
|
| 655 | 7 |
_2tgfbne _9193628 _aCatálogos de exposiciones |
|
| 852 |
_aES-MaACL _cDEPOJ _jN-8850 _xEncuadernación: rústica con solapas _9204699 |
||
| 942 |
_2udc _cMONOGRAFIA _n0 |
||
| 954 | _iTatiana Alejandra de Castro Pérez | ||
| 999 |
_c195836 _d195836 |
||